000 00419nam a2200181Ia 4500
001 19392
005 20260306172649.0
008 260306t2007||||xx |||||||||||||| ||spa||
041 _aESP
082 _a659.1
_bE31
100 _aEguizábal, Raúl
_eAUT
245 0 _aTeoría de la publicidad
260 _c2007
300 _a360 páginas :
_c21 cm.
650 _aGEN
654 _aCAN
942 _cLIB
_dJUS
_fJUS
_2ddc
_n
999 _c19392
_d19392